Organe des menschlichen Verdauungssystems - Statistiken

Allgemein
  • Dieses Quiz wurde 455 mal gespielt
  • Das Durchschnittsergebnis liegt bei 6 aus 14
Antworten auf der Karte
Die Antworten werden auf der Karte rot bzw. grün angezeigt, abhängig davon wie oft sie richtig erraten wurden.
 
Antwortstatistiken
Antwort % Korrekt
Anus
70%
Speiseröhre
67%
Zunge
61%
Dickdarm
59%
Leber
58%
Dünndarm
56%
Magen
56%
Kehle
42%
Mund
41%
Speicheldrüsen
33%
Gallenblase
31%
Zwölffingerdarm
24%
Pankreas
23%
damit
8%
Keine übereinstimmenden Quizze gefunden
Verteilung der Resultate
Anzahl Personen mit jedem Resultat
Perzentil nach korrekt beantworteten Fragen
Ihre Resultats-Entwicklung
Sie haben dieses Quiz noch nicht gespielt